Statistiche per Province che confinano con più Province

Clicka qui per fare il quiz!

Statistiche generali

  • Questo quiz è stato fatto 10 volte
  • Il punteggio medio è 9 su 10

Statistiche sulle risposte

RegioneProvince confinantiProvincia% Corretto
Toscana9Città metropolitana di Firenze
100%
Basilicata7Provincia di Potenza
100%
Lombardia7Città metropolitana di Milano
89%
Abruzzo7Provincia dell'Aquila
89%
Lazio7Provincia di Rieti
89%
Toscana7Provincia di Siena
89%
Piemonte7Provincia di Alessandria
78%
Lombardia8Provincia di Mantova
78%
Emilia-Romagna7Provincia di Parma
78%
Umbria8Provincia di Perugia
78%

Distribuzione punteggi

Percentile per numero di risposta

Percentuale di utenti per punteggio

I tuoi punteggi nel tempo

Non hai fatto questo quiz